Statistics for Places Sang Yakkos' World

Click here to take the quiz!

General Stats

  • This quiz has been taken 8 times
  • The average score is 74 of 160

Answer Stats

Answer% Correct
United States
83%
Canada
67%
Colombia
67%
Cuba
67%
Dominican Republic
67%
Fiji
67%
Haiti
67%
Jamaica
67%
Liechtenstein
67%
Mauritania
67%
Mexico
67%
Monaco
67%
Palestine
67%
Panama
67%
Peru
67%
Puerto Rico
67%
Qatar
67%
Sudan
67%
Venezuela
67%
Algeria
50%
Angola
50%
Argentina
50%
Australia
50%
Austria
50%
Bahamas
50%
Bahrain
50%
Bangladesh
50%
Belgium
50%
Belize
50%
Benin
50%
Bermuda
50%
Bhutan
50%
Bolivia
50%
Botswana
50%
Brazil
50%
Bulgaria
50%
Burma
50%
Cameroon
50%
Chad
50%
Chile
50%
China
50%
Congo
50%
Costa Rica
50%
Cyprus
50%
Czechoslovakia
50%
Ecuador
50%
El Salvador
50%
England
50%
Eswatini
50%
France
50%
French Guiana
50%
Gambia
50%
Germany
50%
Ghana
50%
Greenland
50%
Guam
50%
Guatemala
50%
Guinea
50%
Guinea Bissau
50%
Guyana
50%
Honduras
50%
Hungary
50%
India
50%
Indonesia
50%
Iran
50%
Iraq
50%
Ireland
50%
Israel
50%
Italy
50%
Japan
50%
Jordan
50%
Korea
50%
Kuwait
50%
Laos
50%
Lebanon
50%
Lesotho
50%
Liberia
50%
Libya
50%
Madagascar
50%
Malawi
50%
Malaysia
50%
Mali
50%
Malta
50%
Mozambique
50%
Nepal
50%
Netherlands
50%
New Zealand
50%
Nicaragua
50%
Niger
50%
Nigeria
50%
Oman
50%
Pakistan
50%
Poland
50%
Portugal
50%
Romania
50%
Russia
50%
Saudi Arabia
50%
Scotland
50%
Senegal
50%
Sierra Leone
50%
Somalia
50%
Spain
50%
Sri Lanka
50%
Suriname
50%
Sweden
50%
Switzerland
50%
Syria
50%
Togo
50%
Tunisia
50%
Vietnam
50%
Yemen
50%
Yugoslavia
50%
Zambia
50%
Zimbabwe
50%
Albania
33%
Asia
33%
Barbados
33%
Borneo
33%
Burundi
33%
Caribbean
33%
Cayman
33%
Crete
33%
Denmark
33%
Djibouti
33%
Egypt
33%
Ethiopia
33%
Finland
33%
Gabon
33%
Greece
33%
Hong Kong
33%
Iceland
33%
Kenya
33%
Luxembourg
33%
Mongolia
33%
Morocco
33%
Namibia
33%
Norway
33%
Papua New Guinea
33%
Paraguay
33%
Rwanda
33%
San Juan
33%
Spanish Sahara
33%
Sumatra
33%
Taiwan
33%
Tanzania
33%
Thailand
33%
Tibet
33%
Tobago
33%
Transylvania
33%
Turkey
33%
Uganda
33%
Uruguay
33%
Abu Dhabi
17%
Afganistan
17%
Algiers
17%
Dahomey
17%
Maore
17%
Phillipines
17%
Kampuchea (Cambodia)
0%
Zaire (D.R. Congo)
0%

Score Distribution

Percentile by Number Answered

Percent of People with Each Score

Your Score History

You have not taken this quiz